Länder mit den meisten EM-Teilnahmen - Statistiken

Allgemein
  • Dieses Quiz wurde 192 mal gespielt
  • Das Durchschnittsergebnis liegt bei 12 aus 13
Antwortstatistiken
# Erste Letzte Bestes Ergebnis Land % Korrekt
14 1972 2024 Europameister Deutschland
100%
11 1968 2024 Europameister Italien
99%
12 1964 2024 Europameister Spanien
99%
11 1960 2024 Europameister Frankreich
98%
9 1984 2024 Europameister Portugal
96%
11 1976 2024 Europameister Niederlande
95%
11 1968 2024 Vize-Europameister England
94%
7 1972 2024 Vize-Europameister Belgien
91%
10 1964 2024 Europameister Dänemark
88%
7 1992 2020 Halbfinale Schweden
87%
7 1996 2024 Viertelfinale Kroatien
86%
12 1960 2020 Europameister Russland / Sowjetunion
83%
11 1960 2024 Europameister Tschechien / Tschechoslowakei
83%
Keine übereinstimmenden Quizze gefunden
Verteilung der Resultate
Anzahl Personen mit jedem Resultat
Perzentil nach korrekt beantworteten Fragen
Ihre Resultats-Entwicklung
Sie haben dieses Quiz noch nicht gespielt